New Panty and Stocking characters - Statistics

General Stats
  • This quiz has been taken 38 times
  • The average score is 10 of 11
Answer Stats
Picture Answer % Correct
Briefers "Brief" Rock
100%
Kneesocks Daemon
100%
Panty Anarchy
100%
Stocking Anarchy
100%
Garterbelt
97%
Scanty Daemon
97%
Polyester
91%
Chuck
88%
Polyurethane
88%
Gunsmith Bitch
82%
Fastener
67%
No matching quizzes found
Score Distribution
Percent of People with Each Score
Percentile by Number Answered
Your Score History
You have not taken this quiz